00637nam a22002057a 4500003000500000005001700005008004100022010001000063011001000073035001000083040000900093082002000102111007600122245001600198260005000214300002000264490006000284650002700344830006000371CHAP20220329135744.0971013s1966 r 10010 d a41552 a42524 a46653 cCHAP a634.93bF6 196600aForest Engineering Symposium (n1d: 1966c: Morgantown, West Virginia) aProceedings aMorgantown :bWest Virginia University,c1966 a122 p.b: ilus. aEngineering Experiment Station Technical Bulletinv; 8214aIngeniería forestal.0 aEngineering Experiment Station Technical Bulletinv; 82